000 00609nam a2200169Ia 4500
008 090711s9999 xx 000 0 und d
082 _b293
100 _aतांबोळी लक्ष्मीकांत
245 _aदूर गेलेले घर
260 _bप्रतिमा प्रकाशन
_c1997
300 _a154
600 _aतांबोळी लक्ष्मीकांत
630 _aदूर गेलेले घर
700 _aतांबोळी लक्ष्मीकांत
730 _aदूर गेलेले घर
942 _cBOOK
999 _c323740
_d323740